The Tekke of Hala Sultan
محفوظ في:
المؤلف الرئيسي:
التنسيق: كتاب
اللغة: Undetermined
منشور في:
Nicosia
not identified
1982
الوسوم: إضافة وسم
لا توجد وسوم, كن أول من يضع وسما على هذه التسجيلة!
رقم الطلب: (P)DS54.95 .H34 A74
| LEADER | 00321nam a2200121Ia 4500 | ||
|---|---|---|---|
| 008 | 240503s9999||||xx |||||||||||||| ||und|| | ||
| 050 | 4 | |a (P)DS54.95 .H34 A74 | |
| 100 | 1 | |a Aikaterinē Ch Aristeidou | |
| 245 | 1 | 4 | |a The Tekke of Hala Sultan |
| 264 | 1 | |a Nicosia |b not identified |c 1982 | |
| 300 | |a 58 |c 23 | ||
| 942 | |2 lcc |c PT | ||
| 999 | |c 58254 |d 58254 | ||
